Billy Elliot /

Đã lưu trong:
Chi tiết về thư mục
Tác giả chính: Warbeck, Stephen (Nhà soạn nhạc)
Tác giả khác: Tufano, Brian (Nhiếp ảnh gia), Daldry, Stephen (Giám đốc), Walters, Julie (Diễn viên), Bell, Jamie (Diễn viên), Draven, Jamie (attore) (Diễn viên), Wells, Stuart (Diễn viên), Lewis, Gary (attore) (Diễn viên), Hall, Lee (Người viết kịch bản)
Định dạng: Slide
Ngôn ngữ:Tiếng Italy
Nhiều Ngôn ngữ
Được phát hành: [Roma] : Universal Pictures [distributore], ©2003
Các nhãn: Thêm thẻ
Không có thẻ, Là người đầu tiên thẻ bản ghi này!

MARC

LEADER 00000ngm a22000007i 4500
001 IT\ICCU\MOD\0836166
003 ItRI
005 20260124182812.0
008 031127s2003 it |||||||||||||||k|||||c
024 3 1 |a 5050582037289 
028 4 2 |a 8203728 
040 |b ita 
041 7 |a ita  |a mul  |2 ISO-639-2 
082 |a 791.43  |9 CINEMA  |2 19 
130 0 |a Billy Elliot <film ; 2000>  |3 IT\ICCU\RAV\1100003 
245 0 0 |a Billy Elliot /  |c un film di Stephen Daldry ; written by Lee Hall ; composer Stephen Warbeck ; director of photography Brian Tufano. 
260 |a [Roma] :  |b Universal Pictures [distributore],  |c ©2003 
300 |a 1 DVD-Video (circa 106 min.) :  |b color., sonoro 
500 |a Titolo del contenitore 
500 |a Film del 2000; produzione Francia, Regno Unito 
500 |a Lingue: italiano, inglese, francese, spagnolo; sottotitoli: inglese, francese, arabo 
500 |a Interpreti: Jamie Bell, Gary Lewis, Jamie Draven, Julie Walters, Jean Heywood, Stuart Wells 
500 |a Caratteristiche tecniche: area 2; PAL; video 1.85:1 anamorphic; audio Dolby digital 5.1 
500 |a Contenuti speciali: Billy Elliot: dietro quinte; trailers cinematografici; note di produzione; contenuti interattivi; filmografie del cast e dei registi. 
700 1 |a Tufano, Brian  |0 IT\ICCU\LO1V\290400  |4 pht 
700 1 |a Daldry, Stephen  |0 IT\ICCU\RAVV\258098  |4 drt 
700 1 |a Walters, Julie  |0 IT\ICCU\RAVV\258099  |4 act 
700 1 |a Bell, Jamie  |0 IT\ICCU\RAVV\258100  |4 act 
700 1 |a Draven, Jamie  |c  (attore)  |0 IT\ICCU\RAVV\345640  |4 act 
700 1 |a Wells, Stuart  |0 IT\ICCU\TO0V\041854  |4 act 
700 1 |a Lewis, Gary  |c  (attore)  |0 IT\ICCU\UBOV\486409  |4 act 
700 1 |a Warbeck, Stephen  |0 IT\ICCU\UBOV\558726  |4 cmp 
700 1 |a Hall, Lee  |0 IT\ICCU\VEAV\044852  |4 sce 
942 |2 ddc  |c VM  |n 0 
952 |0 0  |1 0  |4 0  |6 VO_1872_000000000000000  |7 0  |9 26524  |a BO  |b BO  |d 2026-01-24  |i 14895  |l 0  |o VO 1872  |p BO14895  |r 2026-01-24 18:28:12  |w 2026-01-24  |x [Sebina 5] [1 v.]  |y VM  |z 1 v. 
999 |c 22428  |d 22428